000 00547nam a2200193Ia 4500
005 20250508154724.0
008 008 250505s9999 xx 000 0 eng d
037 _aTextual
040 _aFEDL
_beng
_cFEDL
041 _aeng
_2eng
084 _a371.1472, COO
_qFEDL
100 _aCooper John E
_9765934
245 0 _aElementary school principalship
260 _aColumbus, USA
_bCharles E Merrill Book, Inc
_c1967
300 _aviii,422p.
650 _aTeaching
942 _cTEXL
_h371.1472, COO
999 _c1351794
_d1351794